000 00270nam a2200121Ia 4500
008 190216s9999||||xx |||||||||||||| ||und||
100 _aGunnar Myrdal
245 0 _aAsian Drama
260 _bKalyani Publisher
_c1985
300 _a2280
650 _aEconomics
942 _cBK
999 _c9719
_d9719